Name The Horror Character by movie - Statistics

General Stats
  • This quiz has been taken 87 times
  • The average score is 14 of 18
Answer Stats
Movie Villian % Correct
A Nightmare on Elm Street Freddy Krueger
98%
It Pennywise
97%
Friday the 13 Jason Voorhees
95%
Child's Play Chucky
92%
Halloween Michael Myers
92%
Saw Jigsaw
89%
Candyman Candyman
88%
Scream Ghost Face
86%
The Texas Chainsaw Massacre Leatherface
83%
Cujo Cujo
78%
Leprechaun Leprechaun
78%
Annebelle Annebelle
77%
The Shining Jack Torrance
59%
Jeepers Creepers The Creeper
59%
The Ring Sadako
56%
American Psycho Patrick Bateman
55%
The Boy (2015) Brahms Heelshire
52%
The Exorcist Pazuzu
34%
No matching quizzes found
Score Distribution
Percent of People with Each Score
Percentile by Number Answered
Your Score History
You have not taken this quiz